[Event "96th YMCA Autumn A"]
[Site "Warszawa"]
[Date "2011.10.28"]
[Round "5"]
[White "Szymczak, Rafal"]
[Black "Kaczorowski, Piotr"]
[Result "0-1"]
[WhiteElo "2047"]
[BlackElo "2093"]
[PlyCount "152"]
[EventDate "2011.09.29"]
[EventType "tourn"]
[EventRounds "1"]
[EventCountry "POL"]
[SourceDate "2011.10.02"]

1. f4 d5 2. Nf3 g6 3. g3 Bg7 4. Bg2 Nf6 5. d3 O-O 6. O-O c6 7. c3 Qb6+ 8. Kh1
Ng4 9. Qb3 Nd7 10. Qxb6 axb6 11. h3 Nh6 12. Be3 b5 13. Nbd2 Re8 14. Bf2 e5 15.
e4 exf4 16. gxf4 dxe4 17. dxe4 Nf6 18. Nd4 Nh5 19. Bh4 f5 20. e5 Nf7 21. a3 Bh6
22. Ne2 Nxe5 23. fxe5 Bxd2 24. Rad1 Bh6 25. Rd8 Rxd8 26. Bxd8 Be6 27. Bh4 Bc4
28. Re1 Re8 29. Nd4 Nf4 30. b3 Nxg2 31. Kxg2 Bd5+ 32. Kf2 Bd2 33. Rg1 Bxc3 34.
Nxf5 Rxe5 35. Ne7+ Kf7 36. Rf1 Be6 37. Kg3+ Bf5 38. Nxf5 gxf5 39. Rd1 Rd5 40.
Rxd5 cxd5 41. Kf4 Ke6 42. Bf2 Bd2+ 43. Kf3 Ke5 44. a4 bxa4 45. bxa4 d4 46. Ke2
Bc1 47. Kd3 f4 48. Bxd4+ Kf5 49. Bf2 h5 50. a5 Ke5 51. Ba7 Kd5 52. Bb6 Kc6 53.
Ke4 Kb5 54. Bc7 Bd2 55. h4 Ka4 56. Kf3 Bxa5 57. Bxf4 b5 58. Ke4 b4 59. Kf5 b3
60. Be5 Kb4 61. Kg6 Kc4 62. Bb2 Kd3 63. Kxh5 Kc2 64. Ba3 Bb4 65. Bxb4 b2 66.
Be7 b1=Q 67. Bf6 Kd3 68. Kg5 Qb5+ 69. Kh6 Ke4 70. h5 Kf5 71. Bg7 Qe8 72. Ba1
Qf7 73. Bg7 Kg4 74. Ba1 Qe6+ 75. Kh7 Kxh5 76. Bg7 Qf7 0-1

[Event "96th YMCA Autumn A"]
[Site "Warszawa"]
[Date "2011.11.09"]
[Round "5"]
[White "Cajbel, Maciej"]
[Black "Grochulski, Grzegorz"]
[Result "1-0"]
[WhiteElo "2224"]
[BlackElo "2061"]
[PlyCount "103"]
[EventDate "2011.09.29"]
[EventType "tourn"]
[EventRounds "1"]
[EventCountry "POL"]
[SourceDate "2011.10.02"]

1. Nc3 d5 2. e4 d4 3. Nce2 e5 4. d3 Nc6 5. g3 f5 6. exf5 Bxf5 7. Bg2 Nf6 8. Nf3
Bb4+ 9. Bd2 e4 10. dxe4 Bxe4 11. Bxb4 Nxb4 12. Nexd4 c5 13. a3 cxd4 14. axb4
O-O 15. O-O Qd5 16. Ra5 b5 17. Ne1 Rf7 18. f3 Bg6 19. Nd3 Qc4 20. b3 Qc3 21.
Rxb5 Rc7 22. Rc5 Rxc5 23. bxc5 Nd5 24. f4 Ne3 25. Qe1 Bxd3 26. cxd3 Rc8 27.
Qxc3 dxc3 28. Rc1 Rxc5 29. d4 Rc7 30. Kf2 Nf5 31. Bd5+ Kf8 32. Bc4 Nd6 33. Bd3
g6 34. Ke2 Ke7 35. d5 a5 36. Ke3 Nf5+ 37. Bxf5 gxf5 38. Kd3 Kd6 39. Rxc3 Rxc3+
40. Kxc3 Kxd5 41. Kd3 h5 42. h3 Kc5 43. Kc3 Kd5 44. Kd3 Kc5 45. Ke3 Kb4 46. g4
fxg4 47. hxg4 hxg4 48. f5 Kxb3 49. f6 a4 50. f7 a3 51. f8=Q a2 52. Qf6 1-0

[Event "96th YMCA Autumn A"]
[Site "Warszawa"]
[Date "2011.10.27"]
[Round "5"]
[White "Choroszej, Aleksander"]
[Black "Malec, Sebastian"]
[Result "1-0"]
[WhiteElo "2078"]
[BlackElo "2148"]
[PlyCount "141"]
[EventDate "2011.09.29"]
[EventType "tourn"]
[EventRounds "1"]
[EventCountry "POL"]
[SourceDate "2011.10.02"]

1. d4 Nf6 2. c4 e6 3. Nc3 Bb4 4. e3 O-O 5. Bd3 d5 6. Nf3 c5 7. O-O dxc4 8. Bxc4
Nbd7 9. Qe2 a6 10. Rd1 b5 11. Bd3 Bb7 12. Bd2 c4 13. Bc2 Bxc3 14. Bxc3 Be4 15.
Bxe4 Nxe4 16. Qc2 Ndf6 17. Ne5 Qd6 18. Be1 Qb6 19. f3 Nd6 20. Bh4 Rfc8 21. Qf2
Nfe8 22. e4 f6 23. Nd7 Qc6 24. Nc5 Nf7 25. b4 Rd8 26. Bg3 a5 27. a3 a4 28. Qe3
e5 29. d5 Qc8 30. Ne6 Rd6 31. Qc5 Qd7 32. Rac1 Rc8 33. Qe3 g5 34. Bf2 Nd8 35.
Nc5 Qf7 36. Be1 Nb7 37. Bc3 h6 38. g3 Ng7 39. f4 Re8 40. fxe5 fxe5 41. Rf1 Qc7
42. Nxb7 Qxb7 43. Rf2 Rg6 44. Rcf1 Nh5 45. Qc5 Qe7 46. Qxb5 Rc8 47. Rf7 Qd6 48.
Rd7 Qb6+ 49. Qxb6 Rxb6 50. Bxe5 c3 51. Rc1 Nf6 52. Bxf6 Rxf6 53. e5 Rf3 54. d6
c2 55. Rc7 Rxc7 56. dxc7 Rc3 57. Kf2 Kf7 58. Ke2 Ke6 59. Kd2 Rxc7 60. Rxc2 Rd7+
61. Ke3 Rd1 62. Rc6+ Kxe5 63. Rc5+ Kf6 64. Ra5 Rh1 65. Rxa4 Rxh2 66. Ke4 Kg6
67. g4 Rf2 68. Ra6+ Kg7 69. b5 h5 70. gxh5 g4 71. Rg6+ 1-0

[Event "96th YMCA Autumn A"]
[Site "Warszawa"]
[Date "2011.11.07"]
[Round "6"]
[White "Kaczorowski, Piotr"]
[Black "Cajbel, Maciej"]
[Result "1/2-1/2"]
[WhiteElo "2093"]
[BlackElo "2224"]
[Annotator "M"]
[PlyCount "52"]
[EventDate "2011.09.29"]
[EventType "tourn"]
[EventRounds "1"]
[EventCountry "POL"]
[SourceDate "2011.10.02"]

1. a3 c5 2. c4 g6 3. g3 Bg7 4. Bg2 Nf6 5. Nc3 O-O 6. Nf3 d5 7. cxd5 Nxd5 8. O-O
Nc6 9. Nxd5 Qxd5 10. d3 Qd6 11. Nd2 e5 12. Ne4 Qe7 13. Bg5 f6 14. Be3 Nd4 15.
Rc1 Bg4 16. f3 Be6 17. Nxc5 Bd5 18. Ne4 Rfc8 19. Rxc8+ Rxc8 20. Nc3 Bb3 21. Qd2
b5 22. f4 a5 23. fxe5 fxe5 24. Rc1 Qc5 25. Kh1 Qf8 26. Rf1 Qe7 $11 1/2-1/2

[Event "96th YMCA Autumn A"]
[Site "Warszawa"]
[Date "2011.11.16"]
[Round "6"]
[White "Krawczyk, Cezary"]
[Black "Szymczak, Rafal"]
[Result "1/2-1/2"]
[WhiteElo "2098"]
[BlackElo "2047"]
[Annotator "M"]
[PlyCount "26"]
[EventDate "2011.09.29"]
[EventType "tourn"]
[EventRounds "1"]
[EventCountry "POL"]
[SourceDate "2011.10.02"]

1. e4 c6 2. Nc3 d5 3. d4 dxe4 4. Nxe4 Bf5 5. Ng3 Bg6 6. f4 e6 7. Nf3 Nd7 8. h4
h6 9. h5 Bh7 10. Bd3 Bxd3 11. Qxd3 Ngf6 12. Bd2 Qc7 13. O-O-O O-O-O $11 1/2-1/2

[Event "96th YMCA Autumn A"]
[Site "Warszawa"]
[Date "2011.10.31"]
[Round "6"]
[White "Guerrero Rodriguez, Alejandra"]
[Black "Liberadzki, Slawomir"]
[Result "0-1"]
[WhiteElo "2093"]
[BlackElo "2063"]
[PlyCount "46"]
[EventDate "2011.09.29"]
[EventType "tourn"]
[EventRounds "1"]
[EventCountry "POL"]
[SourceDate "2011.10.02"]

1. e4 c5 2. Nf3 e6 3. c3 Nf6 4. e5 Nd5 5. d4 cxd4 6. Bc4 d6 7. Bxd5 exd5 8. O-O
Nc6 9. exd6 Bxd6 10. Re1+ Be6 11. Ng5 O-O 12. Qd3 g6 13. cxd4 Bf5 14. Qd1 Nb4
15. Na3 Nd3 16. Re2 Bf4 17. h4 Nxc1 18. Rxc1 Bxc1 19. Qxc1 Rc8 20. Qf4 Qc7 21.
Qxc7 Rxc7 22. Nb5 Rc1+ 23. Kh2 Bd3 0-1

[Event "96th YMCA Autumn A"]
[Site "Warszawa"]
[Date "2011.11.03"]
[Round "6"]
[White "Kielar, Maciej"]
[Black "Delega, Tomasz"]
[Result "1-0"]
[WhiteElo "2098"]
[BlackElo "2182"]
[PlyCount "119"]
[EventDate "2011.09.29"]
[EventType "tourn"]
[EventRounds "1"]
[EventCountry "POL"]
[SourceDate "2011.10.02"]

1. e4 g6 2. d4 Bg7 3. Nc3 c6 4. Bc4 b5 5. Bb3 a5 6. a4 b4 7. Nce2 Nf6 8. e5 Nd5
9. Nf3 Na6 10. O-O Nac7 11. c4 bxc3 12. bxc3 Rb8 13. Re1 Ba6 14. c4 Nb4 15. Nc3
Nd3 16. Qxd3 Rxb3 17. Nd2 Rb8 18. Qe3 O-O 19. Nce4 Bc8 20. Ba3 Na6 21. Rab1 Nb4
22. Qc3 d6 23. exd6 exd6 24. Bxb4 axb4 25. Rxb4 Rxb4 26. Qxb4 Bxd4 27. Qxd6 f5
28. Qxd8 Rxd8 29. Nd6 Ba6 30. Re8+ Rxe8 31. Nxe8 Bc3 32. Nc7 Bc8 33. Nb3 Kf7
34. Na8 Bb4 35. Kf1 Ke7 36. Ke2 Kd6 37. a5 c5 38. Nb6 Bb7 39. f3 g5 40. Ke3 f4+
41. Kd3 g4 42. fxg4 Bxg2 43. a6 Kc6 44. Nd5 Bf1+ 45. Ke4 Bxc4 46. Nd4+ cxd4 47.
Nxb4+ Kb6 48. Kxd4 Be2 49. g5 Bg4 50. h4 f3 51. Ke3 Bh5 52. Nd5+ Kxa6 53. Nf6
Bg6 54. Kxf3 Kb7 55. h5 Bc2 56. Kg4 Kc6 57. Nxh7 Bxh7 58. g6 Bg8 59. h6 Kd6 60.
h7 1-0

[Event "96th YMCA Autumn A"]
[Site "Warszawa"]
[Date "2011.11.07"]
[Round "7"]
[White "Liberadzki, Slawomir"]
[Black "Kielar, Maciej"]
[Result "1/2-1/2"]
[WhiteElo "2063"]
[BlackElo "2098"]
[Annotator "M"]
[PlyCount "51"]
[EventDate "2011.09.29"]
[EventType "tourn"]
[EventRounds "1"]
[EventCountry "POL"]
[SourceDate "2011.10.02"]

1. e4 g6 2. d4 Bg7 3. Nf3 c5 4. c3 d5 5. exd5 Qxd5 6. Na3 cxd4 7. Bc4 Qe4+ 8.
Be3 Nh6 9. Nb5 O-O 10. Bd3 Qc6 11. Nbxd4 Qd7 12. h3 Rd8 13. O-O Nc6 14. Qc1 Nf5
15. Bxf5 gxf5 16. Bh6 Nxd4 17. Nxd4 Bf6 18. Rd1 e5 19. Nf3 Qxd1+ 20. Qxd1 Rxd1+
21. Rxd1 Be6 22. b3 Rc8 23. Ng5 Rc7 24. Nxe6 fxe6 25. c4 Kf7 26. g3 $11 1/2-1/2

[Event "96th YMCA Autumn A"]
[Site "Warszawa"]
[Date "2011.11.10"]
[Round "7"]
[White "Szymczak, Rafal"]
[Black "Guerrero Rodriguez, Alejandra"]
[Result "1-0"]
[WhiteElo "2047"]
[BlackElo "2093"]
[PlyCount "65"]
[EventDate "2011.09.29"]
[EventType "tourn"]
[EventRounds "1"]
[EventCountry "POL"]
[SourceDate "2011.10.02"]

1. f4 d6 2. Nf3 g6 3. g3 Bg7 4. d3 e5 5. c3 Nc6 6. Bg2 Nf6 7. e4 Be6 8. Ng5 Bg4
9. Qb3 O-O 10. h3 Bd7 11. O-O a5 12. a4 h6 13. Nf3 Be6 14. Qd1 Nh5 15. f5 gxf5
16. exf5 Nxg3 17. fxe6 Nxf1 18. exf7+ Rxf7 19. Qxf1 d5 20. Qe2 Qd6 21. Be3 e4
22. dxe4 dxe4 23. Nfd2 Re8 24. Nxe4 Qg6 25. Nbd2 Ne7 26. Qg4 Qxg4 27. hxg4 Nd5
28. Re1 Nxe3 29. Rxe3 Be5 30. Nf3 Kg7 31. Ng3 Kf6 32. Nh5+ Kg6 33. Nxe5+ 1-0

[Event "96th YMCA Autumn A"]
[Site "Warszawa"]
[Date "2011.11.10"]
[Round "7"]
[White "Cajbel, Maciej"]
[Black "Krawczyk, Cezary"]
[Result "1-0"]
[WhiteElo "2224"]
[BlackElo "2098"]
[PlyCount "99"]
[EventDate "2011.09.29"]
[EventType "tourn"]
[EventRounds "1"]
[EventCountry "POL"]
[SourceDate "2011.10.02"]

1. Nc3 Nf6 2. e4 d5 3. exd5 Nxd5 4. Bc4 e6 5. Qf3 Nb6 6. Bb3 c5 7. d3 Nc6 8.
Nge2 a6 9. O-O Be7 10. Qg3 Bf6 11. Ne4 Nd4 12. Nxd4 cxd4 13. Bf4 Nd5 14. Bxd5
exd5 15. Bc7 Qe7 16. Nd6+ Kd7 17. Rae1 Qf8 18. Re8 Qxe8 19. Nxe8 Kxe8 20. Be5
Be6 21. Bxf6 gxf6 22. f4 f5 23. Qg7 Ke7 24. Qxd4 b5 25. Re1 Rhd8 26. c3 Rd7 27.
a4 Rb8 28. axb5 axb5 29. Ra1 Rc7 30. Ra6 Kd7 31. Qe5 h5 32. Qd6+ Kc8 33. Rc6
Rxc6 34. Qxc6+ Kd8 35. Kf2 h4 36. h3 b4 37. Qd6+ Kc8 38. cxb4 Rb7 39. Ke3 Rd7
40. Qf8+ Kb7 41. Kd4 Rc7 42. Qd8 Rc2 43. Qxh4 Rxg2 44. Qe7+ Kb6 45. Qd6+ Kb7
46. b5 Rxb2 47. Qc6+ Kb8 48. b6 Ra2 49. Qc7+ Ka8 50. b7+ 1-0

[Event "96th YMCA Autumn A"]
[Site "Warszawa"]
[Date "2011.11.15"]
[Round "7"]
[White "Choroszej, Aleksander"]
[Black "Kaczorowski, Piotr"]
[Result "1/2-1/2"]
[WhiteElo "2078"]
[BlackElo "2093"]
[Annotator "M"]
[PlyCount "26"]
[EventDate "2011.09.29"]
[EventType "tourn"]
[EventRounds "1"]
[EventCountry "POL"]
[SourceDate "2011.10.02"]

1. d4 d5 2. c4 dxc4 3. e4 e5 4. Nf3 exd4 5. Bxc4 Bb4+ 6. Bd2 Bxd2+ 7. Nbxd2 Nc6
8. O-O Nge7 9. Nb3 O-O 10. Nbxd4 Bg4 11. Be2 Nxd4 12. Nxd4 Bxe2 13. Nxe2 Qxd1
$11 1/2-1/2

[Event "96th YMCA Autumn A"]
[Site "Warszawa"]
[Date "2011.11.10"]
[Round "7"]
[White "Malec, Sebastian"]
[Black "Grochulski, Grzegorz"]
[Result "1/2-1/2"]
[WhiteElo "2148"]
[BlackElo "2061"]
[Annotator "M"]
[PlyCount "61"]
[EventDate "2011.09.29"]
[EventType "tourn"]
[EventRounds "1"]
[EventCountry "POL"]
[SourceDate "2011.10.02"]

1. e4 e5 2. Nf3 Nc6 3. Bb5 a6 4. Ba4 d6 5. c3 Nge7 6. O-O h6 7. d4 Bd7 8. Nh4
g6 9. g3 Bg7 10. Be3 O-O 11. d5 Nb8 12. Bc2 Bh3 13. Re1 Nd7 14. a4 Qe8 15. a5
f5 16. exf5 Nxf5 17. Nxf5 gxf5 18. Ra4 e4 19. f4 exf3 20. Rh4 Bg4 21. Qc1 Qg6
22. h3 Bh5 23. g4 Ne5 24. Kf2 f4 25. Bd4 Nd3+ 26. Bxd3 Bxd4+ 27. cxd4 Qxd3 28.
gxh5 Qxd4+ 29. Kf1 Qd3+ 30. Kf2 Qd4+ 31. Kf1 $11 1/2-1/2

[Event "96th YMCA Autumn A"]
[Site "Warszawa"]
[Date "2011.11.18"]
[Round "8"]
[White "Kaczorowski, Piotr"]
[Black "Malec, Sebastian"]
[Result "1-0"]
[WhiteElo "2093"]
[BlackElo "2148"]
[PlyCount "77"]
[EventDate "2011.09.29"]
[EventType "tourn"]
[EventRounds "1"]
[EventCountry "POL"]
[SourceDate "2011.10.02"]

1. a3 d5 2. d4 Nf6 3. Nf3 g6 4. e3 Bg7 5. Bd3 O-O 6. O-O Nbd7 7. c4 c5 8. Nc3
cxd4 9. exd4 dxc4 10. Bxc4 Nb6 11. Bd3 Bg4 12. Be3 Nfd5 13. h3 Nxe3 14. fxe3
Be6 15. Qe2 h6 16. Rac1 Rc8 17. Ne4 Na4 18. b4 b6 19. Ba6 Rc7 20. Qd2 f5 21.
Rxc7 Qxc7 22. Rc1 Qb8 23. Nc3 Nxc3 24. Qxc3 Qg3 25. Qc7 f4 26. Bc4 Bxc4 27.
Qxc4+ Kh7 28. e4 Rd8 29. e5 b5 30. Qd3 Kh8 31. d5 g5 32. Qf5 Rf8 33. Rc8 Rxc8
34. Qxc8+ Kh7 35. Kf1 h5 36. Qf5+ Kh6 37. Qe6+ Kh7 38. Qf7 Kh6 39. Qxe7 1-0

[Event "96th YMCA Autumn A"]
[Site "Warszawa"]
[Date "2011.11.03"]
[Round "8"]
[White "Krawczyk, Cezary"]
[Black "Choroszej, Aleksander"]
[Result "0-1"]
[WhiteElo "2098"]
[BlackElo "2078"]
[PlyCount "90"]
[EventDate "2011.09.29"]
[EventType "tourn"]
[EventRounds "1"]
[EventCountry "POL"]
[SourceDate "2011.10.02"]

1. Nf3 g6 2. g3 Bg7 3. Bg2 d6 4. O-O Nf6 5. d3 O-O 6. e4 c5 7. Nbd2 Nc6 8. Nh4
Rb8 9. f4 Ng4 10. Ndf3 Qb6 11. Kh1 c4 12. Qe2 cxd3 13. cxd3 Nd4 14. Nxd4 Bxd4
15. h3 Ne3 16. Bxe3 Bxe3 17. f5 Bd4 18. Rab1 Bd7 19. g4 Rbc8 20. g5 Rc7 21. Qf3
Bg7 22. b3 Rc2 23. a4 Rc3 24. Qd1 Qd4 25. Nf3 Qxd3 26. Qxd3 Rxd3 27. f6 exf6
28. gxf6 Bh6 29. Rfd1 Rxd1+ 30. Rxd1 Bf4 31. e5 Be6 32. exd6 Rd8 33. Rd4 Bxd6
34. b4 Bc7 35. h4 Bd5 36. Rg4 h5 37. Rd4 Be5 38. Rd3 Bxf6 39. Kg1 Bc6 40. Rxd8+
Bxd8 41. Kf2 Bxa4 42. Ne5 Bxh4+ 43. Ke3 Bf6 44. Nc4 Bc3 45. b5 Bxb5 0-1

[Event "96th YMCA Autumn A"]
[Site "Warszawa"]
[Date "2011.11.17"]
[Round "8"]
[White "Guerrero Rodriguez, Alejandra"]
[Black "Cajbel, Maciej"]
[Result "1/2-1/2"]
[WhiteElo "2093"]
[BlackElo "2224"]
[PlyCount "154"]
[EventDate "2011.09.29"]
[EventType "tourn"]
[EventRounds "1"]
[EventCountry "POL"]
[SourceDate "2011.10.02"]

1. e4 c5 2. Nf3 g6 3. d4 Bg7 4. dxc5 Qa5+ 5. c3 Qxc5 6. Na3 b6 7. Nb5 Bb7 8.
Be3 Qc8 9. Bd4 f6 10. Bd3 Nc6 11. Be3 Nh6 12. Bf4 O-O 13. O-O Nf7 14. Bc2 a6
15. Na3 b5 16. Qd2 Rd8 17. Rad1 Bf8 18. Be3 Qc7 19. Bb3 Na5 20. Bd5 e6 21. Bxb7
Qxb7 22. Qd4 Nc4 23. Nxc4 bxc4 24. Qxf6 Bg7 25. Qh4 Qxb2 26. Ng5 Nxg5 27. Bxg5
Rdc8 28. Rxd7 Qxc3 29. Rfd1 Rab8 30. e5 Qxe5 31. Bf4 Qf6 32. Rxg7+ Qxg7 33.
Bxb8 Rxb8 34. Qxc4 Qf6 35. Qxa6 Rb2 36. Qa8+ Kg7 37. Qa7+ Kh6 38. h3 g5 39. a4
Ra2 40. Qd4 Qf5 41. Re1 Kg6 42. g4 Qd5 43. Qe4+ Kf6 44. Qxh7 Rxa4 45. Qh8+ Kf7
46. Rc1 Rc4 47. Qh5+ Kf6 48. Qh6+ Kf7 49. Rxc4 Qxc4 50. Qxg5 Qe2 51. Qf4+ Kg7
52. h4 e5 53. Qg3 Kf6 54. Kg2 e4 55. Qf4+ Kg7 56. h5 Kh7 57. Qf5+ Kh8 58. h6
Kg8 59. g5 Qh5 60. Kg3 Qh1 61. Kf4 Qf3+ 62. Ke5 Qc3+ 63. Kxe4 Qc2+ 64. Ke5 Qc5+
65. Kf4 Qxf2+ 66. Kg4 Qg2+ 67. Kh4 Qh1+ 68. Qh3 Qe4+ 69. Kh5 Qe8+ 70. Kh4 Qe4+
71. Qg4 Qh1+ 72. Kg3 Qg1+ 73. Kf3 Qd1+ 74. Kf4 Qd4+ 75. Kg3 Qg1+ 76. Kh4 Qh1+
77. Qh3 Qe4+ 1/2-1/2

[Event "96th YMCA Autumn A"]
[Site "Warszawa"]
[Date "2011.11.17"]
[Round "8"]
[White "Kielar, Maciej"]
[Black "Szymczak, Rafal"]
[Result "0-1"]
[WhiteElo "2098"]
[BlackElo "2047"]
[Annotator "M"]
[PlyCount "122"]
[EventDate "2011.09.29"]
[EventType "tourn"]
[EventRounds "1"]
[EventCountry "POL"]
[SourceDate "2011.10.02"]

1. e4 c6 2. d4 d5 3. f3 e6 4. Nc3 Nf6 5. e5 Nfd7 6. f4 c5 7. Nf3 Nc6 8. Be3 g6
9. Qd2 a6 10. O-O-O Qa5 11. Kb1 c4 12. Qf2 b5 13. g4 Nb6 14. Nh4 Be7 15. f5 b4
16. Ne2 b3 17. axb3 cxb3 18. cxb3 exf5 19. g5 Be6 20. Nc3 Qb4 21. Bd3 Qxb3 22.
Qc2 Qxc2+ 23. Bxc2 Nc4 24. Ba4 Kd7 25. Bc1 Rab8 26. Nf3 $11 Rhc8 27. Ne1 Kd8
28. Bxc6 Rxc6 29. Nd3 Nxb2 30. Bxb2 Rxc3 31. Ka2 Rc4 32. h4 Ra4+ 33. Kb1 Rxd4
34. Kc2 Rc4+ 35. Kd2 Rxh4 36. Rxh4 Bxg5+ 37. Kc3 Bxh4 38. Ra1 Rb6 39. Ba3 Rc6+
40. Kd2 Bg5+ 41. Kd1 f4 42. Bd6 Bg4+ 43. Ke1 Rc2 44. Nb4 Bh4+ 45. Kf1 Bh3+ 46.
Kg1 Rg2+ 47. Kh1 f3 48. Nxd5 Bg3 49. Bc7+ Kc8 50. Bb6 Rh2+ 51. Kg1 f2+ 52. Bxf2
Rxf2 53. Nf6 Rc2 54. Nxh7 Bh2+ 55. Kh1 Bxe5 56. Re1 f6 57. Nf8 Bg2+ 58. Kg1 Bd5
59. Rd1 Bh2+ 60. Kf1 Bg2+ 61. Ke1 Bg3# 0-1

[Event "96th YMCA Autumn A"]
[Site "Warszawa"]
[Date "2011.11.14"]
[Round "8"]
[White "Delega, Tomasz"]
[Black "Liberadzki, Slawomir"]
[Result "1/2-1/2"]
[WhiteElo "2182"]
[BlackElo "2063"]
[Annotator "M"]
[PlyCount "74"]
[EventDate "2011.09.29"]
[EventType "tourn"]
[EventRounds "1"]
[EventCountry "POL"]
[SourceDate "2011.10.02"]

1. e4 c5 2. Nf3 e6 3. d4 cxd4 4. Nxd4 Nc6 5. Nc3 Qc7 6. f4 a6 7. Be3 d6 8. Be2
Nf6 9. O-O Be7 10. Bf3 Nxd4 11. Qxd4 e5 12. Qd2 O-O 13. Na4 b5 14. Nb6 Rb8 15.
Nxc8 Rbxc8 16. Rfc1 Rfd8 17. a4 d5 18. Qf2 exf4 19. Bb6 Qxb6 20. Qxb6 Bc5+ 21.
Qxc5 Rxc5 22. exd5 g5 23. axb5 axb5 24. h3 h5 25. Ra6 g4 26. Rxf6 gxf3 27. Rxf4
fxg2 28. Kxg2 Rdxd5 29. Kg3 Rd2 30. Rb4 Kg7 31. c3 Re5 32. Kh4 Kh6 33. Ra1 Rd3
34. Ra6+ Kg7 35. Ra1 Ree3 36. Rh1 Kh6 37. Rh2 Rf3 $11 1/2-1/2

[Event "96th YMCA Autumn A"]
[Site "Warszawa"]
[Date "2011.11.24"]
[Round "9"]
[White "Szymczak, Rafal"]
[Black "Delega, Tomasz"]
[Result "1/2-1/2"]
[WhiteElo "2047"]
[BlackElo "2182"]
[PlyCount "106"]
[EventDate "2011.09.29"]
[EventType "tourn"]
[EventRounds "1"]
[EventCountry "POL"]
[SourceDate "2011.10.02"]

1. f4 d5 2. Nf3 Nf6 3. g3 g6 4. Bg2 Bg7 5. O-O O-O 6. d3 c5 7. Nc3 d4 8. Na4
Na6 9. c4 Bd7 10. Ne5 Rb8 11. Nxd7 Qxd7 12. Bd2 Ng4 13. Bh3 h5 14. Rb1 f5 15.
Bxg4 hxg4 16. b4 b6 17. Qc2 Kf7 18. bxc5 bxc5 19. Rb5 Rbc8 20. Ra5 Qc6 21. e4
dxe3 22. Bxe3 Qd6 23. Qf2 Rc6 24. Rd1 Rfc8 25. a3 Qd8 26. Rb5 Rd6 27. Nxc5 Nxc5
28. Rxc5 Rxc5 29. Bxc5 Rxd3 30. Rxd3 Qxd3 31. Qe3 Qb1+ 32. Kg2 Qc2+ 33. Kg1 Bf6
34. Bxa7 Qxc4 35. Bc5 Qc2 36. Qf2 Qd3 37. Qa2+ Kg7 38. a4 Qd1+ 39. Kg2 Qf3+ 40.
Kg1 g5 41. fxg5 Qd1+ 42. Kg2 Bxg5 43. Qe6 Qc2+ 44. Bf2 Qxa4 45. Qxf5 Bf6 46. h3
Qc6+ 47. Kh2 gxh3 48. Kxh3 Qh1+ 49. Kg4 Qd1+ 50. Qf3 Qd7+ 51. Qf5 e6 52. Qe4
Qd1+ 53. Qf3 Qxf3+ 1/2-1/2

[Event "96th YMCA Autumn A"]
[Site "Warszawa"]
[Date "2011.11.24"]
[Round "9"]
[White "Cajbel, Maciej"]
[Black "Kielar, Maciej"]
[Result "1-0"]
[WhiteElo "2224"]
[BlackElo "2098"]
[PlyCount "51"]
[EventDate "2011.09.29"]
[EventType "tourn"]
[EventRounds "1"]
[EventCountry "POL"]
[SourceDate "2011.10.02"]

1. e4 c5 2. Nc3 g6 3. f4 Bg7 4. Nf3 Nc6 5. Bc4 d6 6. d3 e6 7. O-O Nge7 8. Qe1
O-O 9. f5 d5 10. Bb3 d4 11. Ne2 exf5 12. Qh4 h5 13. Bg5 Qd6 14. e5 Bxe5 15.
Nxe5 Qxe5 16. Nf4 Qd6 17. Bf6 Rd8 18. Nxh5 gxh5 19. Qg5+ Kf8 20. Qg7+ Ke8 21.
Qxf7+ Kd7 22. Rae1 Re8 23. Re6 Qc7 24. Rfe1 Kd8 25. Bxe7+ Nxe7 26. Ba4 1-0

[Event "96th YMCA Autumn A"]
[Site "Warszawa"]
[Date "2011.11.24"]
[Round "9"]
[White "Choroszej, Aleksander"]
[Black "Guerrero Rodriguez, Alejandra"]
[Result "1/2-1/2"]
[WhiteElo "2078"]
[BlackElo "2093"]
[PlyCount "103"]
[EventDate "2011.09.29"]
[EventType "tourn"]
[EventRounds "1"]
[EventCountry "POL"]
[SourceDate "2011.10.02"]

1. d4 Nf6 2. c4 g6 3. Nc3 Bg7 4. e4 d6 5. f4 O-O 6. Nf3 c5 7. d5 e6 8. Be2 exd5
9. cxd5 Bg4 10. O-O Nbd7 11. h3 Bxf3 12. Bxf3 a6 13. g4 b5 14. g5 Ne8 15. Qe1
c4 16. h4 Nc5 17. h5 Bd4+ 18. Kg2 Qe7 19. Qh4 f6 20. hxg6 hxg6 21. Qh6 fxg5 22.
Ne2 Bg7 23. Qxg6 Rf6 24. Qh5 gxf4 25. Bxf4 Rf8 26. Rae1 Nd3 27. Bg3 Nxe1+ 28.
Rxe1 Be5 29. Bg4 Ng7 30. Qg6 Rf6 31. Be6+ Qxe6 32. Qxg7+ Kxg7 33. dxe6 Rxe6 34.
Bxe5+ Rxe5 35. Ng3 d5 36. Kf3 dxe4+ 37. Nxe4 Rf5+ 38. Kg4 Rd5 39. Ng5 Rd2 40.
Re7+ Kf8 41. Rc7 Rg2+ 42. Kf5 Rxg5+ 43. Kxg5 Rd8 44. b3 cxb3 45. axb3 Rd3 46.
Ra7 Rxb3 47. Rxa6 Ke7 48. Kf5 b4 49. Ke5 Re3+ 50. Kd4 Rh3 51. Kc4 b3 52. Rb6
1/2-1/2

[Event "96th YMCA Autumn A"]
[Site "Warszawa"]
[Date "2011.11.30"]
[Round "9"]
[White "Malec, Sebastian"]
[Black "Krawczyk, Cezary"]
[Result "1-0"]
[WhiteElo "2148"]
[BlackElo "2098"]
[PlyCount "111"]
[EventDate "2011.09.29"]
[EventType "tourn"]
[EventRounds "1"]
[EventCountry "POL"]
[SourceDate "2011.10.02"]

1. e4 e5 2. Nf3 Nc6 3. Bb5 Nf6 4. d3 Bc5 5. O-O d6 6. c3 a6 7. Ba4 b5 8. Bc2 h6
9. d4 exd4 10. cxd4 Bb6 11. h3 O-O 12. Nc3 Re8 13. a3 Bb7 14. Re1 Ne7 15. Nh4
Nh7 16. Qd3 Nf8 17. Be3 Nd5 18. Nxd5 Bxd5 19. exd5 Qxh4 20. a4 bxa4 21. Bxa4
Re7 22. Bc6 Rb8 23. Kh2 Ng6 24. g3 Qf6 25. f4 a5 26. f5 Nf8 27. Bf2 Ng6 28. Rf1
Nf8 29. g4 Qg5 30. Kg3 h5 31. Kf3 hxg4+ 32. hxg4 Ng6 33. fxg6 fxg6 34. Rae1
Rf7+ 35. Kg2 Rf4 36. Bd7 Qxd5+ 37. Kg3 Rf6 38. Qe3 Bxd4 39. Be6+ Rxe6 40. Qxe6+
Qxe6 41. Rxe6 Be5+ 42. Kg2 Rxb2 43. Re8+ Kf7 44. Ra8 Ra2 45. Rxa5 Rc2 46. Kf3
Ke6 47. Re1 Rc3+ 48. Re3 Rc4 49. Bg3 c5 50. Ra6 Kd5 51. Bxe5 dxe5 52. Rd3+ Rd4
53. Rxd4+ exd4 54. Rxg6 c4 55. Rg5+ Kd6 56. Ke4 1-0

[Event "96th YMCA Autumn A"]
[Site "Warszawa"]
[Date "2011.11.25"]
[Round "9"]
[White "Grochulski, Grzegorz"]
[Black "Kaczorowski, Piotr"]
[Result "1-0"]
[WhiteElo "2061"]
[BlackElo "2093"]
[PlyCount "57"]
[EventDate "2011.09.29"]
[EventType "tourn"]
[EventRounds "1"]
[EventCountry "POL"]
[SourceDate "2011.10.02"]

1. e4 e6 2. d4 d5 3. Nc3 dxe4 4. Nxe4 Nd7 5. Nf3 Ngf6 6. Bd3 c5 7. Nxf6+ Nxf6
8. O-O cxd4 9. Nxd4 Be7 10. Bf4 O-O 11. Nb5 Nd5 12. Be5 a6 13. Qh5 g6 14. Qh6
Bf6 15. Bxf6 Qxf6 16. Nd6 Rb8 17. c3 Bd7 18. Rad1 Bc6 19. Ne4 Qg7 20. Qh4 f6
21. Rfe1 g5 22. Qg3 Nf4 23. Bc4 Bxe4 24. Rxe4 Rbd8 25. Rde1 Rfe8 26. Qe3 Rd6
27. g3 Ng6 28. Bxe6+ Kh8 29. Qc5 1-0

[Event "96th YMCA Autumn A"]
[Site "Warszawa"]
[Date "2011.12.01"]
[Round "10"]
[White "Krawczyk, Cezary"]
[Black "Grochulski, Grzegorz"]
[Result "0-1"]
[WhiteElo "2098"]
[BlackElo "2061"]
[PlyCount "62"]
[EventDate "2011.09.29"]
[EventType "tourn"]
[EventRounds "1"]
[EventCountry "POL"]
[SourceDate "2011.10.02"]

1. b3 e5 2. Bb2 d6 3. c4 g6 4. g3 Bg7 5. Bg2 Ne7 6. e3 Nbc6 7. Nc3 h5 8. a3 a5
9. h4 O-O 10. Nd5 Bg4 11. Qc2 Re8 12. Rc1 Nf5 13. Kf1 Nb8 14. Nc3 c6 15. Nge2
Nd4 16. exd4 exd4 17. Nf4 dxc3 18. Bxc3 Nd7 19. Bxg7 Kxg7 20. Qc3+ f6 21. f3
Bf5 22. Kf2 Nf8 23. Rhe1 Qd7 24. d4 Ne6 25. Nxe6+ Bxe6 26. f4 Bg4 27. d5 c5 28.
Rxe8 Rxe8 29. Qxa5 Re2+ 30. Kf1 Qe7 31. Re1 Qe3 0-1